Library Banner

فلسفہ، ثقافت اور تیسری دنیا (Record no. 64740)

MARC details
000 -LEADER
fixed length control field 00436nam a22001457a 4500
005 - DATE AND TIME OF LATEST TRANSACTION
control field 20150119143638.0
008 - FIXED-LENGTH DATA ELEMENTS--GENERAL INFORMATION
fixed length control field 150113b xxu||||| |||| 00| 0 eng d
040 ## - CATALOGING SOURCE
Transcribing agency PK-LaUMT
082 ## - DEWEY DECIMAL CLASSIFICATION NUMBER
Classification number KHC 306.100
Item number JAW-F
100 ## - MAIN ENTRY--PERSONAL NAME
Personal name جاوید، قاضی
245 ## - TITLE STATEMENT
Title فلسفہ، ثقافت اور تیسری دنیا
Statement of responsibility, etc قاضی جاوید
260 ## - PUBLICATION, DISTRIBUTION, ETC. (IMPRINT)
Place of publication, distribution, etc لاہور
Name of publisher, distributor, etc مکتبہ میری لائبریری
Date of publication, distribution, etc 1976
300 ## - PHYSICAL DESCRIPTION
Extent 144 ص
942 ## - ADDED ENTRY ELEMENTS (KOHA)
Koha item type Books
Holdings
Withdrawn status Lost status Damaged status Home library Current library Date acquired Full call number Barcode Date last seen Koha item type
      UMT Main Campus UMT Main Campus 2015-01-13 KHC 306.100 JAW-F 72191 2015-01-13 Books